La battaglia di Benevento
Guardado en:
| 主要作者: | |
|---|---|
| 格式: | 圖書 |
| 語言: | Undetermined |
| 出版: |
Roma, Italia
Societa Editrice Sonzogno
1895
|
| 主題: | |
| 標簽: |
添加標簽
沒有標簽, 成為第一個標記此記錄!
|
MARC
| LEADER | 00000nam a2200000Ia 4500 | ||
|---|---|---|---|
| 008 | 170316s9999 xx 000 0 und d | ||
| 999 | |c 8149 |d 8149 | ||
| 040 | |a cru BVZT | ||
| 090 | |a 850 G-6b | ||
| 100 | |a Guerrazzi, F.D. | ||
| 245 | |a La battaglia di Benevento |c / F.D. Guerrazzi | ||
| 260 | |a Roma, Italia |b Societa Editrice Sonzogno |c 1895 | ||
| 300 | |a 435 páginas | ||
| 650 | |a LITERATURA ITALIANA |9 212 | ||
| 942 | |c 15 D |h 850 G-6b |2 z | ||
